| 000 | 01101nam a2200337 i 4500 | ||
|---|---|---|---|
| 001 | 000024007 | ||
| 003 | DO-SdBNP | ||
| 005 | 20260219124731.0 | ||
| 007 | ta | ||
| 008 | 110118s2010 dr 001 idspa d | ||
| 020 | _a9789945003857 | ||
| 040 |
_aDO-SdBNP _bspa _cBNPHU _erda |
||
| 041 | _aspa | ||
| 049 | _aBNPD | ||
| 082 | 4 |
_aRD866.44 _bM663ca _222 |
|
| 100 | 1 |
_aMinaya, Ligia, _d1941- _923177 _4aut. _eautor |
|
| 245 | 1 | 0 |
_aCartas desde Denver / _cLigia Minaya. |
| 250 | _aPrimera edición | ||
| 264 | 4 |
_aSanto Domingo, Republica Dominicana : _bEdiciones Librería La Trinitaria, _c©2010. |
|
| 300 |
_a151 páginas ; _c23 cm. |
||
| 336 |
_atexto _btxt _2rdacontent |
||
| 337 |
_asin mediación _bn _2rdamedia |
||
| 338 |
_avolumen _bnc _2rdacarrier |
||
| 500 | _aIncluye datos biográficos de la autora en las solapas. | ||
| 590 | _aInventariado, 2026 /LP | ||
| 650 | 4 |
_aAutores dominicanos _xCorrespondencia, memorias, etc. _920987 |
|
| 650 | 4 |
_aCartas dominicanas _914827 |
|
| 650 | 0 |
_aLiteratura dominicana. _967 |
|
| 910 | _aValidado. Control de calidad EMS | ||
| 942 |
_2ddc _cLBS1 |
||
| 999 |
_c23502 _d23502 |
||